000 00617nam a2200217Ia 4500
003 OSt
005 20230524144846.0
008 210423s2000 xx 000 0 und d
040 _cAL
041 _aeng
082 _a658.45
_223
_bVILM
100 _aVILANILAM (J V)
_9112501
245 _aMore effective communication: a manual for professionals
260 _aNew Delhi
_bResponse Books
_c2000
300 _a238
_bPB
365 _b175
_cINR
650 _aExecutive Management
_9112502
650 _aManagement
_9112503
906 _acommunication: ; effective ; manual ; More ; professionals
942 _2ddc
_cBK
999 _c172849
_d172849